Evaluación de un reactor anaerobio de flujo ascendente para el tratamiento de aguas residuales de café

Na minha lista:
Detalhes bibliográficos
Autor principal: Hernández Rodríguez, Sulmericcia
Formato: Livro
Publicado em: San José, Costa Rica 1993
Assuntos:
Tags: Adicionar Tag
Sem tags, seja o primeiro a adicionar uma tag!

MARC

LEADER 00000nam a2200000Ia 4500
003 006038
005 20221231144318.0
008 140114s1993 cr a m 000 ||s d
040 |c cru CEDI 
090 |a TFG 2730 
100 |a Hernández Rodríguez, Sulmericcia  |9 12168 
245 |a Evaluación de un reactor anaerobio de flujo ascendente para el tratamiento de aguas residuales de café  
260 |c 1993  |a San José, Costa Rica 
300 |a  ix, [120] hojas : ilustraciones ; 28 cm.  
500 |a  Proyecto de graduación (licenciatura en ingeniería civil)--Universidad de Costa Rica. Facultad de Ingeniería. Escuela de Ingeniería Civil 
650 |x PURIFICACION DE AGUAS RESIDUALES  |9 12169 
942 |c TFG 
999 |c 19973  |d 19973